| 000 | 00926nam a2200277 i 4500 | ||
|---|---|---|---|
| 001 | 66989 | ||
| 003 | ES-MaACL | ||
| 005 | 20250910234423.0 | ||
| 007 | t| | ||
| 008 | 040428s2002 cl ||||1| spa d | ||
| 020 | _a956-262-126-X | ||
| 080 | _a983:941.0 | ||
| 100 | 1 |
_aHuneeus, Carlos. _964732 |
|
| 245 | 1 | 3 |
_aEl régimen de Pinochet / _cCarlos Huneeus ; [edición al cuidado de Jorgelina Martín]. |
| 250 | _a2ª ed. | ||
| 260 |
_aSantiago de Chile : _bEditorial Sudamericana, _c2002. |
||
| 300 |
_a670 p. : _bgráf. ; _c24. |
||
| 490 | 1 | _aCrónicas y testimonios | |
| 504 | _aBibliografía p. 643-664. Indice. | ||
| 600 | 1 | 4 |
_aPinochet Ugarte, Augusto. _992185 |
| 651 | 4 |
_aChile- _xPolítica y gobierno- _y1973-1988. _98045 |
|
| 700 | 1 |
_aMartín, Jorgelina. _977319 |
|
| 830 | 0 |
_aCrónicas y testimonios (Editorial Sudamericana) _9230865 |
|
| 852 |
_aES-MaACL _jL-27468 _bR.133200 |
||
| 999 |
_c66989 _d66989 |
||